Les émotions - Statistiques

Statistiques générales
  • Ce quiz a été pris 144 fois
  • Le résultat moyen est 6 sur 59
Statistiques - réponses
Hint Émotion % Correct
Primaire Joie
96%
Primaire Tristesse
96%
Primaire Colère
94%
Primaire Peur
85%
Primaire Dégoût
69%
Secondaire Angoissé
31%
Primaire Surprise
18%
Secondaire Amoureux
12%
Secondaire Inquiet
11%
Secondaire Déçu
9%
Secondaire Anxieux
8%
Secondaire Content
8%
Secondaire Étonné
6%
Secondaire Excité
5%
Secondaire Agacé
4%
Secondaire Chagriné
4%
Secondaire Contrarié
4%
Secondaire Effrayé
4%
Secondaire Émerveillé
4%
Secondaire Enjoué
4%
Secondaire Mépris
4%
Secondaire Accablé
3%
Secondaire Aigri
3%
Secondaire Amer
3%
Secondaire Désespéré
3%
Secondaire Furieux
3%
Secondaire Préoccupé
3%
Secondaire Satisfait
3%
Secondaire Abattu
2%
Secondaire Agressif
2%
Secondaire Blessé
2%
Secondaire Enthousiaste
2%
Secondaire Euphorique
2%
Secondaire Impatient
2%
Secondaire Irrité
2%
Secondaire Rejet
2%
Secondaire Réjoui
2%
Secondaire Stupéfait
2%
Secondaire Terrifié
2%
Secondaire Affligé
1%
Secondaire Agité
1%
Secondaire Aversion
1%
Secondaire Craintif
1%
Secondaire Désolé
1%
Secondaire Ébahi
1%
Secondaire Écœurer
1%
Secondaire Enchanté
1%
Secondaire Exaspéré
1%
Secondaire Froissé
1%
Secondaire Horrifié
1%
Secondaire Hostile
1%
Secondaire Intimidé
1%
Secondaire Irritable
1%
Secondaire Méfiant
1%
Secondaire Navré
1%
Secondaire Passionné
1%
Secondaire Secoué
1%
Secondaire Sidéré
1%
Secondaire Troublé
1%
Aucun quiz correspondant
Distribution des résultats
% des personnes avec chaque résultat
Percentile par nombre de réponses
Votre historique - résultats
Vous n’avez pas pris ce quiz